<?xml version="1.0" encoding="UTF-8"?>
<record
    xmlns:xsi="http://www.w3.org/2001/XMLSchema-instance"
    xsi:schemaLocation="http://www.loc.gov/MARC21/slim http://www.loc.gov/standards/marcxml/schema/MARC21slim.xsd"
    xmlns="http://www.loc.gov/MARC21/slim">

  <leader>00537nam a22001577a 4500</leader>
  <controlfield tag="008">110816t        xxu||||| |||| 00| 0 eng d</controlfield>
  <datafield tag="040" ind1=" " ind2=" ">
    <subfield code="a">BUAC</subfield>
    <subfield code="c">CDIRSP</subfield>
  </datafield>
  <datafield tag="041" ind1=" " ind2=" ">
    <subfield code="a">Fr</subfield>
  </datafield>
  <datafield tag="100" ind1=" " ind2=" ">
    <subfield code="a">Agence des Etats- Unis pour le D&#xE9;veloppement International (USAID)</subfield>
    <subfield code="9">18299</subfield>
  </datafield>
  <datafield tag="245" ind1=" " ind2=" ">
    <subfield code="a">P&#xE9;renniser la Qualit&#xE9; des soins de sant&#xE9; </subfield>
    <subfield code="b"> : l'institutionnalisation de l'Assurance de Qualit&#xE9;</subfield>
    <subfield code="c"> / USAID, AQ</subfield>
  </datafield>
  <datafield tag="260" ind1=" " ind2=" ">
    <subfield code="a">USA : </subfield>
    <subfield code="b">AQ,</subfield>
    <subfield code="c">2002</subfield>
  </datafield>
  <datafield tag="300" ind1=" " ind2=" ">
    <subfield code="a">60 p.</subfield>
  </datafield>
  <datafield tag="650" ind1=" " ind2=" ">
    <subfield code="a">Assurance qualit&#xE9;</subfield>
    <subfield code="9">18300</subfield>
  </datafield>
  <datafield tag="653" ind1=" " ind2=" ">
    <subfield code="a">Qualit&#xE9; soins sant&#xE9;</subfield>
  </datafield>
  <datafield tag="942" ind1=" " ind2=" ">
    <subfield code="c">LIVR</subfield>
  </datafield>
  <datafield tag="999" ind1=" " ind2=" ">
    <subfield code="c">49640</subfield>
    <subfield code="d">49640</subfield>
  </datafield>
  <datafield tag="952" ind1=" " ind2=" ">
    <subfield code="0">0</subfield>
    <subfield code="1">0</subfield>
    <subfield code="4">0</subfield>
    <subfield code="7">0</subfield>
    <subfield code="a">CDIRSP</subfield>
    <subfield code="b">CDIRSP</subfield>
    <subfield code="d">2011-08-17</subfield>
    <subfield code="e">Don</subfield>
    <subfield code="l">0</subfield>
    <subfield code="o">WA 100 PER</subfield>
    <subfield code="p">4472CDISP</subfield>
    <subfield code="r">2011-08-17 00:00:00</subfield>
    <subfield code="t">1</subfield>
    <subfield code="w">2011-08-17</subfield>
    <subfield code="y">LIV</subfield>
  </datafield>
</record>
